Quiz sul Portogallo - Statistics

Statistiche generali
  • Questo quiz è stato fatto 3.499 volte
  • Il punteggio medio è 9 su 20
Statistiche sulle risposte
Domanda Risposta % Corretto
Capitale Lisbona
100%
Nazione confinante Spagna
99%
Penisola di cui il Portogallo fa parte Iberica
93%
Seconda città più grande Porto
89%
Calciatore che per 5 volte ha vinto il pallone d'oro Cristiano Ronaldo
87%
Nazione colonizzata nel '500 Brasile
80%
Esploratore che iniziò la prima circumnavigazione del mondo Ferdinando Magellano
56%
Nome maschile più diffuso João
55%
Arcipelaghi atlantici Azzorre
48%
Arcipelaghi atlantici Madeira
40%
Primo europeo a navigare direttamente fino in India Vasco da Gama
37%
Paese alleato con il Portogallo dal 1373 Regno Unito
28%
Regione più meridionale Algarve
25%
Nome romano del Portogallo Lusitania
19%
Il Portogallo produce il 50% del totale mondiale di questo prodotto utilizzato dall'industria vinicola Sughero
18%
Colonia conquistata dall'India nel 1961 Goa
14%
Gruppo musulmano che governò il Portogallo Mori
13%
Valuta precedente Escudo
12%
Fiume e Regione vinicola Duero
11%
Dinastia che regnò sul Portogallo Braganza
6%
Nessun quiz corrispondente trovato
Distribuzione punteggi
Percentuale di utenti per punteggio
Percentile per numero di risposta
I tuoi punteggi nel tempo
Non hai fatto questo quiz